Simultaneous Voltammetric Determination of Nitrites and Nitrates in Waters; Journal of Analytical Chemistry; Vol. 59, iss. 11
| Parent link: | Journal of Analytical Chemistry Vol. 59, iss. 11.— 2004.— [P. 1091–1096] |
|---|---|
| Príomhchruthaitheoir: | |
| Rannpháirtithe: | , |
| Achoimre: | Title screen A rapid procedure was developed for the simultaneous voltammetric determination of nitrites and nitrates from a single sample of potable, mineral, or underground water. Nitrites were first determined upon the anodic polarization of a graphite electrode in a sodium sulfate supporting electrolyte. Next, ascorbic acid and a copper salt were added, and the solution was acidified to an optimum pH value. A copper electrode was formedin situ, and the nitrate signal was recorded as the first derivative using cathodic sweep. The procedure does not require sample preparation or oxygen removal from the solution with a nitrogen flow. The copper-graphite electrode was regenerated electrochemically in the same solution. The analytical range for nitrite ions was 0.2-10.0 mg/L in the presence of any amount of nitrates. Nitrates were quantitatively determined in the range 0.5-5 mg/L. Common cations and anions in waters did not interfere with the determination. The procedure is suitable for the analysis of potable, mineral, underground, and surface waters. The procedure was verified by the added-found method and by the photometric procedure GOST (State Standard) 18826-73. Режим доступа: по договору с организацией-держателем ресурса |
| Teanga: | Béarla |
| Foilsithe / Cruthaithe: |
2004
|
| Ábhair: | |
| Rochtain ar líne: | http://dx.doi.org/10.1023/B:JANC.0000047013.71862.c4 |
| Formáid: | Leictreonach Caibidil leabhair |
| KOHA link: | https://koha.lib.tpu.ru/cgi-bin/koha/opac-detail.pl?biblionumber=654846 |
MARC
| LEADER | 00000naa0a2200000 4500 | ||
|---|---|---|---|
| 001 | 654846 | ||
| 005 | 20250313140834.0 | ||
| 035 | |a (RuTPU)RU\TPU\network\20533 | ||
| 035 | |a RU\TPU\network\20530 | ||
| 090 | |a 654846 | ||
| 100 | |a 20170524d2004 k||y0rusy50 ba | ||
| 101 | 0 | |a eng | |
| 102 | |a US | ||
| 135 | |a drcn ---uucaa | ||
| 181 | 0 | |a i | |
| 182 | 0 | |a b | |
| 200 | 1 | |a Simultaneous Voltammetric Determination of Nitrites and Nitrates in Waters |f O. V. Kaminskaya, E. A. Zakharova, G. B. Slepchenko | |
| 203 | |a Text |c electronic | ||
| 300 | |a Title screen | ||
| 320 | |a [References: p. 1095-1096 (22 tit.)] | ||
| 330 | |a A rapid procedure was developed for the simultaneous voltammetric determination of nitrites and nitrates from a single sample of potable, mineral, or underground water. Nitrites were first determined upon the anodic polarization of a graphite electrode in a sodium sulfate supporting electrolyte. Next, ascorbic acid and a copper salt were added, and the solution was acidified to an optimum pH value. A copper electrode was formedin situ, and the nitrate signal was recorded as the first derivative using cathodic sweep. The procedure does not require sample preparation or oxygen removal from the solution with a nitrogen flow. The copper-graphite electrode was regenerated electrochemically in the same solution. The analytical range for nitrite ions was 0.2-10.0 mg/L in the presence of any amount of nitrates. Nitrates were quantitatively determined in the range 0.5-5 mg/L. Common cations and anions in waters did not interfere with the determination. The procedure is suitable for the analysis of potable, mineral, underground, and surface waters. The procedure was verified by the added-found method and by the photometric procedure GOST (State Standard) 18826-73. | ||
| 333 | |a Режим доступа: по договору с организацией-держателем ресурса | ||
| 461 | |t Journal of Analytical Chemistry | ||
| 463 | |t Vol. 59, iss. 11 |v [P. 1091–1096] |d 2004 | ||
| 610 | 1 | |a труды учёных ТПУ | |
| 610 | 1 | |a электронный ресурс | |
| 610 | 1 | |a вольтамперометрия | |
| 610 | 1 | |a нитриты | |
| 610 | 1 | |a нитраты | |
| 610 | 1 | |a вода | |
| 700 | 1 | |a Kaminskaya |b O. V. | |
| 701 | 1 | |a Zakharova |b E. A. |c chemist |c senior research fellow at the Tomsk Polytechnic University, candidate of chemical Sciences |f 1938- |g Elsa Arminana |3 (RuTPU)RU\TPU\pers\33332 | |
| 701 | 1 | |a Slepchenko |b G. B. |c Chemist |c Professor of Tomsk Polytechnic University, Doctor of chemical sciences |f 1956- |g Galina Borisovna |3 (RuTPU)RU\TPU\pers\33018 |9 16858 | |
| 801 | 2 | |a RU |b 63413507 |c 20170524 |g PSBO | |
| 856 | 4 | |u http://dx.doi.org/10.1023/B:JANC.0000047013.71862.c4 | |
| 942 | |c CF | ||